Statistics for Current NFL Alma Maters

Click here to take the quiz!

General Stats

  • This quiz has been taken 2,393 times
  • The average score is 11 of 22

Answer Stats

HintAnswer% Correct
Ryan TannehillTexas A&M
86%
JJ WattWisconsin
82%
Marshawn LynchCal
79%
Colin KaepernickNevada
75%
Rob GronkowskiArizona
71%
Ndamukong SuhNebraska
71%
Phillip RiversNorth Carolina State
66%
Jake LockerWashington
59%
CJ SpillerClemson
53%
Jimmy GrahamMiami
52%
Arian FosterTennessee
51%
Jeremy MaclinMissouri
44%
Darrelle RevisPittsburgh
37%
Champ BaileyGeorgia
32%
Brian HartlineOhio State
31%
Steven JacksonOregon State
30%
Brandon Marshallcentral florida
29%
Antonio GatesKent State
29%
Hakeem NicksNorth Carolina
26%
Marques ColstonHofstra
24%
Victor CruzMassachusetts
23%
Roddy WhiteUAB
22%

Score Distribution

Percentile by Number Answered

Percent of People with Each Score

Your Score History

You have not taken this quiz